000 00287nam a22001337a 4500
008 181024b xxu||||| |||| 00| 0 eng d
020 _a9780078021800
041 _aeng
080 _211 ED
_a330
100 _a52
101 _aECO
245 _aEconomics
_cSlavin.S.L
942 _2udc
_cBK
999 _c50781
_d50781